000
00325 a2200145 4500
001
48067
020
_a
8504008487
040
_c
Anchieta - Aquarius
240
1
0
_a
Crianças
_l
por
245
1
0
_a
Crianças
300
_a
30
362
0
_a
2005
650
4
_a
Outras ( Ásia, África, Oceania, Regiões Polares etc.)
942
_c
BK
999
_c
48067
_d
48067